000 01044nam a2200253 4500
001 131766
003 ES-MaACL
005 20251122063124.0
007 t|
008 070214s1947 sp r ||||1| spa d
080 _a821.134.2 Cervantes Saavedra, Miguel de 1.07
080 _a929 Cervantes Saavedra, Miguel de
100 1 _aRodríguez Marín, Francisco,
_d1855-1943
_998634
245 1 0 _aEstudios cervantinos /
_cpor Francisco Rodríguez Marín ; prólogo de Agustín González de Amezúa.
260 _aMadrid :
_bAtlas,
_c1947.
300 _a656 p. :
_b1 retr. ;
_c27 cm.
594 _aPrecede al tít.: Patronato del IV Centenario de Cervantes.
600 0 _aCervantes Saavedra, Miguel de,
_d1547-1616-
_jAniversarios y centenarios
_9221674
600 1 4 _aCervantes Saavedra, Miguel de,
_d1547-1616-
_xCrítica e interpretación
_937602
700 1 _aAmezúa y Mayo, Agustín G. de,
_d1881-1956
_921219
710 2 _aPatronato del IV Centenario de Cervantes.
_96180
852 _aES-MaACL
_jC-5233
999 _c131766
_d131766